| 000 | 00587nam a22001937a 4500 | ||
|---|---|---|---|
| 999 |
_c4120 _d4120 |
||
| 003 | GBCCL | ||
| 005 | 20241126110511.0 | ||
| 008 | 180112b xxu||||| |||| 00| 0 eng d | ||
| 040 | _cgbc | ||
| 082 |
_a234.23 _bSTR |
||
| 100 |
_aStrunk, Orlo _97874 |
||
| 245 |
_aIn Faith and Love : _b[Selected readings] to accompany study book, In faith and love/ _cOrlo Strunk |
||
| 260 |
_aNashville: _bGraded Press, _c1968 |
||
| 300 |
_bill., _c22 cm. |
||
| 440 |
_aFoundation studies in Christian faith, pt. 6. _99979 |
||
| 650 |
_aFaith. _92645 |
||
| 650 |
_aChristian life. _9183 |
||
| 942 |
_2ddc _cBK |
||